[Event "Niederbayern-ch Seniors 48th"]
[Site "Ortenburg"]
[Date "2007.??.??"]
[Round "1"]
[White "Zacharias, Albert"]
[Black "Bilyavskyy, Borys"]
[Result "0-1"]
[WhiteElo "1476"]
[BlackElo "1837"]
[PlyCount "132"]
[EventDate "2007.??.??"]
[EventType "swiss"]
[EventRounds "7"]
[EventCountry "GER"]
[SourceTitle "EXT 2010"]
[Source "ChessBase"]
[SourceDate "2010.11.25"]
[SourceVersion "1"]
[SourceVersionDate "2010.11.25"]
[SourceQuality "1"]

1. e4 c5 2. Nc3 g6 3. Bc4 Bg7 4. Nf3 Nc6 5. a3 d6 6. 0-0 Nf6 7. d4 cxd4 8. Nxd4 0-0 9. Nxc6 bxc6 10. Kh1 Rb8 11. f3 Qc7 12. Ba2 Ba6 13. Re1 Rfd8 14. Rb1 e6 15. Be3 d5 16. exd5 cxd5 17. Bd4 Ne8 18. Bxg7 Nxg7 19. Qd4 Qb6 20. Qxb6 Rxb6 21. Na4 Rc6 22. Rbc1 Rb8 23. b4 Bc4 24. Bxc4 Rxc4 25. c3 Nf5 26. Kg1 Nd6 27. Nb2 Rc7 28. a4 Rbc8 29. b5 Rxc3 30. Rxc3 Rxc3 31. Re2 Nc4 32. Kf2 Kf8 33. Nxc4 Rxc4 34. Ra2 Ke7 35. Ke3 Kd6 36. Kd3 Kc5 37. g4 Kb6 38. h4 Ka5 39. h5 g5 40. Re2 Kb4 41. b6 axb6 42. Rb2+ Kc5 43. Rb5+ Kc6 44. Rb3 Rxa4 45. Rc3+ Kb7 46. Rb3 h6 47. Ke3 e5 48. Rb5 Kc6 49. Rb3 Rf4 50. Ke2 e4 51. fxe4 Rxe4+ 52. Kf3 Rf4+ 53. Kg3 d4 54. Ra3 Rf6 55. Ra8 Kd5 56. Rd8+ Ke4 57. Re8+ Kd3 58. Rd8 Ke3 59. Re8+ Kd2 60. Re5 d3 61. Re4 Kc3 62. Re3 Kd4 63. Re8 d2 64. Rd8+ Ke3 65. Rd5 Re6 66. Rf5 d1Q 0-1

[Event "Niederbayern-ch Seniors 48th"]
[Site "Ortenburg"]
[Date "2007.??.??"]
[Round "5"]
[White "Zacharias, Albert"]
[Black "Schubert, Heinz"]
[Result "0-1"]
[WhiteElo "1476"]
[BlackElo "1523"]
[PlyCount "70"]
[EventDate "2007.??.??"]
[EventType "swiss"]
[EventRounds "7"]
[EventCountry "GER"]
[SourceTitle "EXT 2010"]
[Source "ChessBase"]
[SourceDate "2010.11.25"]
[SourceVersion "1"]
[SourceVersionDate "2010.11.25"]
[SourceQuality "1"]

1. e4 e6 2. Nc3 d5 3. exd5 exd5 4. d4 c6 5. Nf3 Bb4 6. Bd2 Bg4 7. h3 Bh5 8. Be2 Nf6 9. 0-0 0-0 10. a3 Bd6 11. b4 a6 12. Be3 Nbd7 13. Ne1 Bxe2 14. Nxe2 Nb6 15. Nf3 Re8 16. Qd3 Ne4 17. Nd2 Nxd2 18. Bxd2 Nc4 19. Bc1 Qf6 20. c3 Re7 21. Be3 Rae8 22. Ng3 g6 23. a4 Qh4 24. Bc1 f5 25. b5 f4 26. Nh1 Rf7 27. Qf3 Qe7 28. bxa6 bxa6 29. Rb1 Qe2 30. Qg4 Qd3 31. Qf3 Qxb1 32. Ba3 Re1 33. Rxe1 Qxe1+ 34. Kh2 Bxa3 35. Qg4 Qe8 0-1

[Event "Bad Griesbach Seniors op 3rd"]
[Site "Bad Griesbach"]
[Date "2000.11.24"]
[Round "6"]
[White "Zacharias, Albert"]
[Black "Moesche, Karl Heinz"]
[Result "0-1"]
[WhiteElo "1479"]
[BlackElo "1655"]
[PlyCount "132"]
[EventDate "2000.11.19"]
[EventType "swiss"]
[EventRounds "7"]
[EventCountry "GER"]
[SourceTitle "EXT 2006"]
[Source "ChessBase"]
[SourceDate "2005.11.24"]
[SourceVersion "1"]
[SourceVersionDate "2005.11.24"]
[SourceQuality "1"]

1. e4 c5 2. Nf3 Nc6 3. Nc3 d6 4. d4 cxd4 5. Nxd4 a6 6. Be2 g6 7. Be3 Bg7 8. 0-0 Nf6 9. a4 0-0 10. Kh1 Qc7 11. h3 Ne5 12. Nf3 Nc4 13. Bc1 b6 14. Bd3 Bb7 15. Qe2 Rfc8 16. Nd1 Nd7 17. Rb1 Nce5 18. Nxe5 Nxe5 19. f3 Nxd3 20. cxd3 b5 21. axb5 axb5 22. Be3 Qc2 23. Qxc2 Rxc2 24. Rf2 Rc6 25. d4 Rac8 26. Nc3 Rc4 27. Nxb5 Rb4 28. Na3 Bxd4 29. Bxd4 Rxd4 30. Kh2 Ba6 31. Re1 Rb4 32. Rd1 Rb3 33. Rdd2 Bd3 34. g3 Kf8 35. h4 Ke8 36. Kh3 Kd7 37. Kg4 h6 38. Kh3 Ke6 39. Kg4 f5+ 40. Kh3 fxe4 41. fxe4 Bxe4 42. Rfe2 d5 43. Nb1 Kf7 44. Nc3 Bf5+ 45. Kh2 e6 46. Rf2 h5 47. Ne2 Ke7 48. Nd4 Rb4 49. Rf4 Rbc4 50. Nxf5+ gxf5 51. Rxc4 Rxc4 52. Kg2 Kd6 53. Kf3 e5 54. b3 Rb4 55. Rb2 d4 56. Kf2 e4 57. Ke2 Ke5 58. Rb1 f4 59. Kf2 fxg3+ 60. Kxg3 d3 61. Kf2 Kd4 62. Ke1 e3 63. Kd1 Rb6 64. Ke1 d2+ 65. Ke2 Rf6 66. Kd1 Kd3 0-1

[Event "Bad Griesbach Seniors op 3rd"]
[Site "Bad Griesbach"]
[Date "2000.11.23"]
[Round "5"]
[White "Breitfuss, Joachim"]
[Black "Zacharias, Albert"]
[Result "0-1"]
[WhiteElo "1379"]
[BlackElo "1479"]
[PlyCount "70"]
[EventDate "2000.11.19"]
[EventType "swiss"]
[EventRounds "7"]
[EventCountry "GER"]
[SourceTitle "EXT 2006"]
[Source "ChessBase"]
[SourceDate "2005.11.24"]
[SourceVersion "1"]
[SourceVersionDate "2005.11.24"]
[SourceQuality "1"]

1. d4 d5 2. c4 e6 3. Nf3 Nc6 4. cxd5 exd5 5. Nc3 h6 6. Bf4 Nf6 7. e3 Nh5 8. Be5 Be6 9. Bb5 Be7 10. h3 0-0 11. Nd2 Nf6 12. 0-0 Nxe5 13. dxe5 Nh7 14. Nf3 c5 15. Rc1 a6 16. Bd3 b5 17. Bb1 Rb8 18. Qc2 f5 19. exf6 Nxf6 20. Ne5 Qd6 21. f4 b4 22. Na4 Ne4 23. Rcd1 Bf5 24. Qb3 Rfd8 25. Bxe4 Bxe4 26. Rd2 Qe6 27. Qd1 c4 28. g4 Rbc8 29. Rd4 c3 30. bxc3 bxc3 31. Nd3 c2 32. Qd2 Ba3 33. Nc3 Bxd3 34. Qxd3 c1Q 35. Rxc1 Bxc1 0-1

[Event "Bad Griesbach Seniors op 2nd"]
[Site "Bad Griesbach"]
[Date "1999.11.27"]
[Round "7"]
[White "Zacharias, Albert"]
[Black "Reichwald, Klaus Dieter"]
[Result "0-1"]
[WhiteElo "1700"]
[BlackElo "1746"]
[PlyCount "182"]
[EventDate "1999.11.21"]
[EventType "swiss"]
[EventRounds "7"]
[EventCountry "GER"]
[SourceTitle "EXT 2007"]
[Source "ChessBase"]
[SourceDate "2006.11.23"]
[SourceVersion "1"]
[SourceVersionDate "2006.11.23"]
[SourceQuality "1"]

1. e4 d6 2. Nf3 g6 3. d4 Bg7 4. Be2 Nf6 5. c3 0-0 6. 0-0 Nbd7 7. Be3 Nxe4 8. Qc1 d5 9. Bh6 e6 10. c4 c6 11. Bxg7 Kxg7 12. Ne5 f6 13. Ng4 Ng5 14. Nc3 Nf7 15. b4 dxc4 16. Bxc4 Nb6 17. Be2 Nd5 18. a3 Bd7 19. h3 Rc8 20. Qd2 h5 21. Nh2 Nd6 22. Rfe1 Be8 23. Rad1 Bf7 24. Na4 b6 25. Qd3 Nf4 26. Qe3 Nxe2+ 27. Rxe2 Nb5 28. Nb2 Qd5 29. Nf3 Rcd8 30. Red2 Nd6 31. h4 Nf5 32. Qf4 Qd6 33. Qe4 Qd5 34. Qf4 Rd6 35. g4 hxg4 36. Qxg4 Nh6 37. Qg3 Rfd8 38. Nd3 Qf5 39. Nf4 Qg4 40. Kh2 Qxg3+ 41. fxg3 Ng4+ 42. Kg1 Ne3 43. Rc1 e5 44. Ne2 exd4 45. Rxd4 Rxd4 46. Nexd4 Bd5 47. Re1 Bxf3 48. Rxe3 Rxd4 49. Rxf3 Kf7 50. Kf2 Rd2+ 51. Ke1 Rc2 52. Kd1 Rc4 53. Kd2 c5 54. Kd3 Rc1 55. Kd2 Rc4 56. Kd3 Rd4+ 57. Kc3 Rd5 58. Kc4 Re5 59. Rd3 Ke7 60. b5 Re4+ 61. Kd5 Re6 62. Kc4 Rd6 63. Re3+ Kd7 64. Re4 f5 65. Re3 Rd4+ 66. Kc3 f4 67. gxf4 Rxf4 68. Rh3 Ke6 69. h5 g5 70. Re3+ Kf7 71. Rd3 Kg7 72. Rd7+ Rf7 73. Rd6 Kh7 74. h6 g4 75. Re6 g3 76. Re1 g2 77. Rg1 Rf2 78. Kd3 Kxh6 79. Ke3 Ra2 80. a4 Kg5 81. Kf3 Kf5 82. Re1 c4 83. Rc1 Ke5 84. Ke3 Kd5 85. Rd1+ Kc5 86. Rb1 Rxa4 87. Kd2 Ra2+ 88. Kc3 Rf2 89. Rg1 Kxb5 90. Rb1+ Kc5 91. Rg1 b5 0-1

[Event "Bad Griesbach Seniors op 1st"]
[Site "Bad Griesbach"]
[Date "1998.11.13"]
[Round "6"]
[White "Zacharias, Albert"]
[Black "Gaebler, Siegfried"]
[Result "0-1"]
[WhiteElo "1619"]
[BlackElo "1554"]
[PlyCount "37"]
[EventDate "1998.11.08"]
[EventType "swiss"]
[EventRounds "7"]
[EventCountry "GER"]
[SourceTitle "EXT 2007"]
[Source "ChessBase"]
[SourceDate "2006.11.23"]
[SourceVersion "1"]
[SourceVersionDate "2006.11.23"]
[SourceQuality "1"]

1. e4 c5 2. Nf3 d6 3. d4 cxd4 4. Nxd4 Nf6 5. Nc3 e6 6. Bd3 Be7 7. 0-0 a6 8. h3 0-0 9. a4 b6 10. Bg5 Qc7 11. Qd2 Nc6 12. Nxc6 Qxc6 13. f4 Bb7 14. Qe2 h6 15. Bh4 Qc7 16. Bg3 d5 17. exd5 Nxd5 18. Nxd5 Bxd5 19. Bxa6 0-1

[Event "Bad Griesbach Seniors op 1st"]
[Site "Bad Griesbach"]
[Date "1998.11.12"]
[Round "5"]
[White "Kodalle, Alfred"]
[Black "Zacharias, Albert"]
[Result "1-0"]
[WhiteElo "1581"]
[BlackElo "1619"]
[PlyCount "85"]
[EventDate "1998.11.08"]
[EventType "swiss"]
[EventRounds "7"]
[EventCountry "GER"]
[SourceTitle "EXT 2007"]
[Source "ChessBase"]
[SourceDate "2006.11.23"]
[SourceVersion "1"]
[SourceVersionDate "2006.11.23"]
[SourceQuality "1"]

1. e4 g6 2. d4 Bg7 3. Nc3 e6 4. Nf3 d6 5. Bd3 a6 6. 0-0 Ne7 7. Re1 0-0 8. Be3 Nd7 9. Qd2 f5 10. Bh6 Rf7 11. Bxg7 Rxg7 12. exf5 exf5 13. Qg5 Qf8 14. Re2 Nf6 15. Rae1 h6 16. Qd2 Kh7 17. Nh4 b5 18. Re3 Bb7 19. Rh3 Neg8 20. Nf3 Rd8 21. Ng5+ Kh8 22. Ne6 Qe7 23. Ree3 Ng4 24. Nxg7 Nxe3 25. Rxe3 Qxe3 26. fxe3 Kxg7 27. b4 Nf6 28. Be2 g5 29. Bf3 c6 30. Qf2 d5 31. h3 Rf8 32. Qg3 Kg6 33. h4 g4 34. Be2 Rf7 35. Qe5 h5 36. g3 Nd7 37. Qf4 Bc8 38. Qg5+ Kh7 39. Qxh5+ Kg7 40. Qg5+ Kh7 41. h5 Nf8 42. Qd8 Bd7 43. Bd3 1-0

[Event "Bad Griesbach Seniors op 1st"]
[Site "Bad Griesbach"]
[Date "1998.11.11"]
[Round "4"]
[White "Zacharias, Albert"]
[Black "Schirra, Paul"]
[Result "1/2-1/2"]
[WhiteElo "1619"]
[BlackElo "1590"]
[PlyCount "110"]
[EventDate "1998.11.08"]
[EventType "swiss"]
[EventRounds "7"]
[EventCountry "GER"]
[SourceTitle "EXT 2007"]
[Source "ChessBase"]
[SourceDate "2006.11.23"]
[SourceVersion "1"]
[SourceVersionDate "2006.11.23"]
[SourceQuality "1"]

1. e4 g6 2. Nf3 Bg7 3. d4 d6 4. h3 Nf6 5. Nc3 0-0 6. Be3 Nbd7 7. Qd2 c5 8. Be2 cxd4 9. Nxd4 Nc5 10. f3 a6 11. Bh6 e5 12. Bxg7 Kxg7 13. Nb3 Nxb3 14. axb3 Qc7 15. 0-0 Be6 16. Kh1 Nh5 17. Kh2 Nf4 18. Nd5 Bxd5 19. exd5 Qd7 20. Bd1 Rac8 21. c4 b5 22. Qc3 Nxd5 23. Qd2 Nf4 24. Rxa6 Rfd8 25. Qa5 bxc4 26. bxc4 Rxc4 27. Ra7 Qe8 28. Bb3 Rdc8 29. Bxc4 Rxc4 30. Ra8 Qd7 31. Qd8 Qxd8 32. Rxd8 Rc2 33. Rg1 d5 34. b4 Rb2 35. Rb8 d4 36. b5 d3 37. b6 Kf6 38. b7 Ne6 39. Rd1 Nc5 40. Kg1 h5 41. g3 Kf5 42. Rc8 Nxb7 43. Rxd3 Rb5 44. Kf2 Nc5 45. Ra3 f6 46. Ke3 Ne6 47. Rc6 Nd4 48. Rcc3 Rb2 49. g4+ hxg4 50. hxg4+ Kg5 51. f4+ Kxg4 52. fxe5 fxe5 53. Ra4 Kf5 54. Rc8 Rb3+ 55. Kd2 g5 1/2-1/2

[Event "Bad Griesbach Seniors op 1st"]
[Site "Bad Griesbach"]
[Date "1998.11.10"]
[Round "3"]
[White "Sieber, Hans"]
[Black "Zacharias, Albert"]
[Result "1-0"]
[WhiteElo "1802"]
[BlackElo "1619"]
[PlyCount "100"]
[EventDate "1998.11.08"]
[EventType "swiss"]
[EventRounds "7"]
[EventCountry "GER"]
[SourceTitle "EXT 2007"]
[Source "ChessBase"]
[SourceDate "2006.11.23"]
[SourceVersion "1"]
[SourceVersionDate "2006.11.23"]
[SourceQuality "1"]

1. d4 e6 2. c4 Nf6 3. Bg5 h6 4. Bxf6 Qxf6 5. Nf3 c5 6. e3 cxd4 7. exd4 Nc6 8. Nc3 a6 9. Be2 Bb4 10. Rc1 0-0 11. 0-0 Ne7 12. Ne4 Qf4 13. Ng3 d5 14. a3 Ba5 15. b4 Bd8 16. c5 Ng6 17. Bd3 Nh4 18. Nxh4 Qxh4 19. Bb1 Bc7 20. f4 a5 21. Qd3 f5 22. b5 Bd7 23. Ne2 b6 24. c6 Be8 25. g3 Qh3 26. Kh1 Rf6 27. Ng1 Qh5 28. Nf3 Qh3 29. Ne5 Bh5 30. Bc2 Rd8 31. Bd1 Bxd1 32. Rcxd1 g5 33. Rde1 Re8 34. Qe3 g4 35. Qf2 Qh5 36. Re3 Re7 37. Rfe1 Qe8 38. Qe2 h5 39. Kg2 Rh6 40. Qf2 Reh7 41. Nd7 Kf7 42. Qc2 Qd8 43. Rxe6 Rxe6 44. Qxf5+ Kg7 45. Rxe6 Kh8 46. Qg6 Re7 47. Qxh5+ Kg8 48. Qxg4+ Rg7 49. Qh5 Re7 50. Nf6+ Kf8 1-0

[Event "Bad Griesbach Seniors op 1st"]
[Site "Bad Griesbach"]
[Date "1998.11.08"]
[Round "1"]
[White "Zellner, Guenther"]
[Black "Zacharias, Albert"]
[Result "1/2-1/2"]
[WhiteElo "1929"]
[BlackElo "1619"]
[PlyCount "89"]
[EventDate "1998.11.08"]
[EventType "swiss"]
[EventRounds "7"]
[EventCountry "GER"]
[SourceTitle "EXT 2007"]
[Source "ChessBase"]
[SourceDate "2006.11.23"]
[SourceVersion "1"]
[SourceVersionDate "2006.11.23"]
[SourceQuality "1"]

1. e4 c5 2. Nc3 a6 3. g3 g6 4. Bg2 Bg7 5. d3 e6 6. Be3 d6 7. Qd2 Nc6 8. Rb1 Bd7 9. a3 Nf6 10. Nce2 Ng4 11. c3 Nxe3 12. Qxe3 Ne7 13. f4 Bc6 14. Nf3 0-0 15. 0-0 Rb8 16. d4 Bb5 17. Rfe1 b6 18. Rbd1 Qc7 19. Rd2 a5 20. g4 a4 21. Ng3 Bc4 22. Bf1 Bxf1 23. Kxf1 cxd4 24. Nxd4 e5 25. fxe5 dxe5 26. Nb5 Qc4+ 27. Qe2 Qxe2+ 28. Kxe2 Rfd8 29. Red1 Rxd2+ 30. Rxd2 Nc6 31. Nf1 h5 32. gxh5 gxh5 33. Rd7 Bf8 34. Ne3 Nd8 35. Ra7 Ne6 36. Nf5 Nf4+ 37. Kd2 Rd8+ 38. Kc2 Ng2 39. Rxa4 Ne1+ 40. Kb3 Rd2 41. Ra8 Nd3 42. Rb8 Nc5+ 43. Kc4 Nxe4 44. b4 Rxh2 45. Kd5 1/2-1/2